Geology and mineral resources of the Herscher quadrangle / (Record no. 26669)

MARC details
000 -LEADER
fixed length control field 01078cam a22002771 4500
001 - CONTROL NUMBER
control field gs 28000360
003 - CONTROL NUMBER IDENTIFIER
control field DLC
005 - DATE AND TIME OF LATEST TRANSACTION
control field 20260227111333.0
008 - FIXED-LENGTH DATA ELEMENTS--GENERAL INFORMATION
fixed length control field 750707s1928 xx 000 0 eng
010 ## - LIBRARY OF CONGRESS CONTROL NUMBER
LC control number gs 28000360
035 ## - SYSTEM CONTROL NUMBER
System control number (OCoLC)1433342
040 ## - CATALOGING SOURCE
Original cataloging agency DLC
Transcribing agency OT
Modifying agency DLC
042 ## - AUTHENTICATION CODE
Authentication code premarc
050 00 - LIBRARY OF CONGRESS CALL NUMBER
Classification number QE105
Item number .A16 no. 55
100 1# - MAIN ENTRY--PERSONAL NAME
Personal name Athy, Lawrence Ferdinand,
Dates associated with a name 1898-1955.
245 10 - TITLE STATEMENT
Title Geology and mineral resources of the Herscher quadrangle /
Statement of responsibility, etc. by L. F. Athy.
260 ## - PUBLICATION, DISTRIBUTION, ETC.
Place of publication, distribution, etc. Urbana :
Name of publisher, distributor, etc. Printed by authority of the state of Illinois [Springfield, Jeffersons Printing and Stationery Co.],
Date of publication, distribution, etc. 1928.
300 ## - PHYSICAL DESCRIPTION
Extent 120 p. :
Other physical details incl. ill., tables, diagrs. II fold. pl. (maps, 1 col.fold. tab. ;
Dimensions 26 cm.
440 #0 - SERIES STATEMENT/ADDED ENTRY--TITLE
Title Illinois State geological survey,
Volume/sequential designation Bulletin no. 55
500 ## - GENERAL NOTE
General note Maps folded in pocket.
504 ## - BIBLIOGRAPHY, ETC. NOTE
Bibliography, etc. note Bibliographical foot-notes.
650 #0 - SUBJECT ADDED ENTRY--TOPICAL TERM
Topical term or geographic name entry element Geology
Geographic subdivision Illinois.
650 #0 - SUBJECT ADDED ENTRY--TOPICAL TERM
Topical term or geographic name entry element Mines and mineral resources
Geographic subdivision Illinois.
650 #0 - SUBJECT ADDED ENTRY--TOPICAL TERM
Topical term or geographic name entry element Geology
Geographic subdivision Illinois
General subdivision Herscher quadrangle.
740 0# - ADDED ENTRY--UNCONTROLLED RELATED/ANALYTICAL TITLE
Uncontrolled related/analytical title Herscher quadrangle, Geology and mineral resources of the.

No items available.

Powered by Koha